000
00286nam a2200121Ia 4500
005
20251222143154.0
008
251222s9999||||xx |||||||||||||| ||spa||
082
_a
923.2/S16
100
_a
Saint-Aulaire, Conde de
245
0
_a
Francisco José
264
_b
Luis de Caralt
942
_c
LIB
999
_c
12817
_d
12817